HB. FORBRUNNER & SUDDARTH'S TB OF MEDICAL SURGICAL NURSING (Record no. 2167)

MARC details
000 -LEADER
fixed length control field 00315nam a2200133Ia 4500
082 ## - DEWEY DECIMAL CLASSIFICATION NUMBER
Classification number 610.7367
Item number B10B
100 ## - MAIN ENTRY--PERSONAL NAME
Personal name BRUNNER
245 ## - TITLE STATEMENT
Title HB. FORBRUNNER & SUDDARTH'S TB OF MEDICAL SURGICAL NURSING
250 ## - EDITION STATEMENT
Edition statement 12TH
260 ## - PUBLICATION, DISTRIBUTION, ETC. (IMPRINT)
Name of publisher, distributor, etc WOLTER KLUWER
Place of publication, distribution, etc INDIA
Year of Publication 2010
300 ## - PAGE DESCRIPTION
No. of Pages 725
650 ## - SUBJECT ADDED ENTRY--TOPICAL TERM
Topical term or geographic name as entry element SURGERY
942 ## - ADDED ENTRY ELEMENTS (KOHA)
Source of classification or shelving scheme Dewey Decimal Classification
Koha item type Books
Holdings
Withdrawn status Lost status Source of classification or shelving scheme Damaged status Not for loan Collection code Home library Current library Shelving location Date acquired Vendor Name SGTU Bill Number Full call number Accession No. (Barcode) Date last seen Bill Date Koha item type Total Checkouts
    Dewey Decimal Classification   Not For Loan NURSING SGT Medical Library SGT Medical Library Reference Book 16/07/2013 ABC DELHI SGTU 3617 610.7367 B10B FN1386 09/02/2015 16/07/2013 Books  
    Dewey Decimal Classification   Not For Loan NURSING SGT Medical Library SGT Medical Library Reference Book 16/07/2013 ABC DELHI SGTU 3617 610.7367 B10B FN1387 09/02/2015 16/07/2013 Books  
    Dewey Decimal Classification   Not For Loan NURSING SGT Medical Library SGT Medical Library Reference Book 16/07/2013 ABC DELHI SGTU 3617 610.7367 B10B FN1388 09/02/2015 16/07/2013 Books  
Withdrawn Missing Dewey Decimal Classification   Not For Loan NURSING SGT Medical Library SGT Medical Library Reference Book 16/07/2013 ABC DELHI SGTU 3617 610.7367 B10B FN1389 09/02/2015 16/07/2013 Books  
    Dewey Decimal Classification   Not For Loan NURSING SGT Medical Library SGT Medical Library Reference Book 16/07/2013 ABC DELHI SGTU 3617 610.7367 B10B FN1390 09/02/2015 16/07/2013 Books